| 000 | 00709na a2200229 4500 | ||
|---|---|---|---|
| 001 | 19603 | ||
| 003 | MIRAKIL | ||
| 005 | 20181213155108.0 | ||
| 008 | 161220b tu 000 0 | ||
| 040 |
_aMilas _btur _cTR-AnCHP |
||
| 041 | _atur | ||
| 082 |
_a370.56226 _bİ77 1998 |
||
| 090 | _a370.56226 İ77 1998 | ||
| 245 |
_aİstanbul eğitim belgeseli _cMilli Eğitim Bakanlığı |
||
| 260 |
_aAnkara _bMilli Eğitim Bakanlığı _c1998 |
||
| 300 |
_a544 s. _btbl. _c24 sm. |
||
| 500 | _aYapıt adı başında: Cumhuriyetimizin 75. yılında | ||
| 650 |
_aEğitim ve öğretim _xBelgesel _zTürkiye |
||
| 651 |
_aİstanbul _xEğitim belgeseli |
||
| 710 | _aMilli Eğitim Bakanlığı | ||
| 942 |
_2ddc _cBKS |
||
| 999 |
_c6463 _d6463 |
||